000
00220 a2200097 4500
001
41395
100
_a
Jane,
245
_a
Russion Advance towards India
260
_a
Peshawar
_b
Saeed book bank
_c
090
_c
25572
_d
25572
942
_a
NUST-CAE
_c
M
_c
17305
999
_c
276468
_d
276468